[Event "Sicilian Accelerated Dragon Tournament"]
[Site "SchemingMind.com"]
[Date "2009.09.04"]
[Round "-"]
[White "chessleon"]
[Black "Schaakmaatje"]
[Result "1/2-1/2"]
[WhiteCountry "NED"]
[BlackCountry "NED"]
[WhiteElo "1511"]
[WhiteRD "81"]
[BlackElo "1736"]
[BlackRD "50"]
[GameID "217985"]

1. e4 c5 2. Nf3 Nc6 3. d4 cxd4 4. Nxd4 g6 5. c4 Bg7 6. Be3 d6 7. Nc3 Nf6 8. Be2 O-O 9. f4 Qa5 10. Qd2 Bg4
11. Nxc6 bxc6 12. Bd3 e5 13. fxe5 Qxe5 14. Bf4 Qe7 15. O-O Nd7 16. Bh6 Bxh6 17. Qxh6 Nc5 18. Qe3 Bf5 19. Qf3 Bd7 20. Be2 Rab8
21. b3 Rbe8 22. b4 Nxe4 23. Nxe4 Qxe4 24. Qxe4 Rxe4 25. Bd3 Re3 26. Rad1 Bg4 27. Rd2 Rfe8 28. h3 Be6 29. a4 d5 30. cxd5 Bxd5
31. Rff2 Re1+ 32. Kh2 f5 33. b5 R1e5 34. Rfe2 Kf7 35. Rxe5 Rxe5 36. bxc6 Bxc6 37. Bc4+ Ke7 38. Bg8 h6 39. Bh7 g5 40. Bg8 Bxa4
41. Ra2 Re4 42. Bd5 Rd4 43. Bf3 a6 44. Bb7 Bb5 45. Bxa6 Ra4 46. Rxa4 Bxa4 47. Bd3 Ke6 48. Kg3 Ke5 49. Kf3 Bd1+ 50. Kg3 f4+
51. Kf2 Kd4 52. Bg6 h5 53. g3 fxg3+ 54. Kxg3 Ke3 55. Bf5 Be2 56. Bd7 Bd1= 57. h4 gxh4+=
1/2-1/2

[Event "Sicilian Accelerated Dragon Tournament"]
[Site "SchemingMind.com"]
[Date "2009.09.04"]
[Round "-"]
[White "Black Knight"]
[Black "Schaakmaatje"]
[Result "0-1"]
[WhiteCountry "USA"]
[BlackCountry "NED"]
[WhiteElo "1406"]
[WhiteRD "70"]
[BlackElo "1725"]
[BlackRD "50"]
[GameID "217986"]

1. e4 c5 2. Nf3 Nc6 3. d4 cxd4 4. Nxd4 g6 5. Be2 Bg7 6. Be3 d6 7. O-O Nf6 8. Nxc6 bxc6 9. Nc3 O-O 10. Bd4 e5
11. Be3 h6 12. Qd2 Kh7 13. Rfd1 Ne8 14. Bf3 Be6 15. Ne2 a5 16. b3 Rc8 17. c4 f5
0-1

[Event "Sicilian Accelerated Dragon Tournament"]
[Site "SchemingMind.com"]
[Date "2009.09.04"]
[Round "-"]
[White "alvaro"]
[Black "Schaakmaatje"]
[Result "1-0"]
[WhiteCountry "URU"]
[BlackCountry "NED"]
[WhiteElo "1836"]
[WhiteRD "71"]
[BlackElo "1671"]
[BlackRD "49"]
[GameID "217987"]

1. e4 c5 2. Nf3 Nc6 3. d4 cxd4 4. Nxd4 g6 5. Nc3 Bg7 6. Be3 d6 7. Bc4 Nf6 8. O-O O-O 9. a3 a6 10. Qd2 Ng4
11. Nf3 Nge5 12. Nxe5 Nxe5 13. Ba2 b5 14. Bh6 Bb7 15. Bxg7 Kxg7 16. Rad1 Qb6 17. Kh1 Rac8 18. Nd5 Bxd5 19. Bxd5 Nc4 20. Bxc4 Rxc4
21. f3 Rfc8 22. c3 R4c5 23. g4 Qc6 24. h4 Rc4 25. h5 a5 26. Kg2 b4 27. hxg6 bxc3 28. bxc3 hxg6 29. Rh1 e5 30. Rh4 Kf8
31. Qg5 Ke8 32. Qf6
1-0

[Event "Sicilian Accelerated Dragon Tournament"]
[Site "SchemingMind.com"]
[Date "2009.09.04"]
[Round "-"]
[White "saidone"]
[Black "XTC"]
[Result "1-0"]
[WhiteCountry "ITA"]
[BlackCountry "COL"]
[WhiteElo "1627"]
[WhiteRD "118"]
[BlackElo "1628"]
[BlackRD "56"]
[GameID "218593"]

1. e4 c5 2. Nf3 Nc6 3. d4 cxd4 4. Nxd4 g6 5. Nc3 Bg7 6. Be3 Nf6 7. Be2 O-O 8. O-O d6 9. f4 Ng4 10. Bxg4 Bxd4
11. Bxd4 Bxg4 12. Qxg4 Nxd4 13. Qd1 Qb6 14. Kh1 e5 15. f5 Qxb2 16. Nd5 Qxc2 17. Qg4 Qe2 18. Qg5 Rac8 19. Qh6 Rc2 20. Nf6+
1-0

[Event "Sicilian Accelerated Dragon Tournament"]
[Site "SchemingMind.com"]
[Date "2009.09.04"]
[Round "-"]
[White "saidone"]
[Black "echecs"]
[Result "0-1"]
[WhiteCountry "ITA"]
[BlackCountry "ENG"]
[WhiteElo "1627"]
[WhiteRD "118"]
[BlackElo "1816"]
[BlackRD "58"]
[GameID "218594"]

1. e4 c5 2. Nf3 Nc6 3. d4 cxd4 4. Nxd4 g6 5. Nc3 Bg7 6. Be3 Nf6 7. Be2 d6 8. O-O O-O 9. f4 a6 10. Kh1 Qb6
11. f5 Qxb2 12. Na4 Qa3 13. Nb6 Qxe3 14. Nxa8 Nxd4 15. Re1 Nxe4
0-1

[Event "Sicilian Accelerated Dragon Tournament"]
[Site "SchemingMind.com"]
[Date "2009.09.06"]
[Round "-"]
[White "saidone"]
[Black "chessleon"]
[Result "1-0"]
[WhiteCountry "ITA"]
[BlackCountry "NED"]
[WhiteElo "1633"]
[WhiteRD "105"]
[BlackElo "1466"]
[BlackRD "80"]
[GameID "218595"]

1. e4 c5 2. Nf3 Nc6 3. d4 cxd4 4. Nxd4 g6 5. Nc3 Bg7 6. Be3 d6 7. Bb5 Bd7 8. O-O a6 9. Ba4 b5 10. Bb3 Nf6
11. h3 b4 12. Nce2 O-O 13. Kh1 Nxd4 14. Nxd4 e5 15. Ne2 Bc6 16. f3 Bb5 17. Re1 Qc7 18. a4 Nd7 19. axb5 axb5 20. Rxa8 Nc5
21. Rxf8+ Kxf8 22. Bxc5 dxc5 23. Bd5
1-0

[Event "Sicilian Accelerated Dragon Tournament"]
[Site "SchemingMind.com"]
[Date "2009.09.08"]
[Round "-"]
[White "saidone"]
[Black "Schaakmaatje"]
[Result "1-0"]
[WhiteCountry "ITA"]
[BlackCountry "NED"]
[WhiteElo "1633"]
[WhiteRD "105"]
[BlackElo "1725"]
[BlackRD "50"]
[GameID "218596"]

1. e4 c5 2. Nf3 Nc6 3. d4 cxd4 4. Nxd4 g6 5. Nc3 d6 6. Be3 Bg7 7. Be2 Nf6 8. O-O O-O 9. Kh1 a6 10. f3 e5
11. Nb3 Be6 12. Nd2 b5 13. a4 b4 14. Na2 a5 15. Bb5 Rc8 16. Nc4 d5 17. Bb6 Qe7 18. Nxa5 Nxa5 19. Bxa5
1-0

[Event "Sicilian Accelerated Dragon Tournament"]
[Site "SchemingMind.com"]
[Date "2009.09.04"]
[Round "-"]
[White "saidone"]
[Black "Black Knight"]
[Result "1-0"]
[WhiteCountry "ITA"]
[BlackCountry "USA"]
[WhiteElo "1518"]
[WhiteRD "80"]
[BlackElo "1455"]
[BlackRD "68"]
[GameID "218597"]

1. e4 c5 2. Nf3 Nc6 3. d4 cxd4 4. Nxd4 g6 5. Nc3 Bg7 6. Be3 Nf6 7. Be2 O-O 8. O-O Nxd4 9. Bxd4 d6 10. f4 e5
11. fxe5 dxe5 12. Bxe5 Bg4 13. Bxf6 Qxd1 14. Bxd1 Bxd1 15. Raxd1 Bxf6 16. Rxf6 Kg7 17. Rfd6 Rae8 18. a4 a6 19. a5 Re6 20. Rxe6 fxe6
21. Rd7+ Rf7 22. Rxf7+ Kxf7 23. Kf2 Ke7 24. Ke3 e5 25. Nd5+ Ke6 26. c4 h5 27. h3 h4 28. Kf3 Kf7 29. Kg4 Kg7 30. Kxh4 Kh6
31. Kg4 g5 32. g3
1-0

[Event "Sicilian Accelerated Dragon Tournament"]
[Site "SchemingMind.com"]
[Date "2009.09.04"]
[Round "-"]
[White "saidone"]
[Black "alvaro"]
[Result "0-1"]
[WhiteCountry "ITA"]
[BlackCountry "URU"]
[WhiteElo "1633"]
[WhiteRD "105"]
[BlackElo "1865"]
[BlackRD "74"]
[GameID "218598"]

1. e4 c5 2. Nf3 Nc6 3. d4 cxd4 4. Nxd4 g6 5. Nc3 Bg7 6. Be3 Nf6 7. Be2 d6 8. f4 O-O 9. f5 e5 10. Nxc6 bxc6
11. O-O Qc7 12. Kh1 a5 13. a4 Ba6 14. Bxa6 Rxa6 15. fxg6 hxg6 16. Qd2 Kh7 17. Rf3 Rh8 18. Rh3+ Kg8 19. Bh6 Ra8 20. Rf1 Bxh6
21. Rxh6 Kg7 22. Rxh8 Rxh8 23. Qg5 Nd7 24. Qe7 Rf8 25. Ne2 c5 26. Nc3 Qc6 27. Nd5 c4 28. Nf6 Nxf6 29. Qxf6+ Kg8 30. Re1 Re8
31. Rf1 Qd7 32. Rf3 Re6 33. Qh4 Qxa4 34. g4 Qxc2 35. Qd8+ Kg7 36. Qc7 Qd1+ 37. Kg2 Rf6 38. Rxf6 Kxf6 39. Qd8+ Kg7 40. Qxa5 Qxg4+
41. Kf2 Qxe4 42. Qa6 d5 43. Qd6 d4
0-1

[Event "Sicilian Accelerated Dragon Tournament"]
[Site "SchemingMind.com"]
[Date "2009.09.07"]
[Round "-"]
[White "XTC"]
[Black "saidone"]
[Result "1-0"]
[WhiteCountry "COL"]
[BlackCountry "ITA"]
[WhiteElo "1628"]
[WhiteRD "56"]
[BlackElo "1627"]
[BlackRD "118"]
[GameID "218599"]

1. e4 c5 2. Nf3 Nc6 3. d4 cxd4 4. Nxd4 g6 5. c4 Bg7 6. Be3 e6 7. Nc3 Nge7 8. Rc1 O-O 9. Be2 a6 10. Nxc6 Nxc6
11. O-O Qc7 12. b3 f5 13. Bc5 Re8 14. Na4 b5 15. Nb6 Ra7 16. Nxc8 Qxc8 17. Bxa7 Nxa7 18. cxb5 Qb7 19. bxa6 Qxe4 20. Bf3 Qf4
21. Qxd7
1-0

[Event "Sicilian Accelerated Dragon Tournament"]
[Site "SchemingMind.com"]
[Date "2009.09.09"]
[Round "-"]
[White "echecs"]
[Black "saidone"]
[Result "1-0"]
[WhiteCountry "ENG"]
[BlackCountry "ITA"]
[WhiteElo "1816"]
[WhiteRD "58"]
[BlackElo "1627"]
[BlackRD "118"]
[GameID "218600"]

1. e4 c5 2. Nf3 Nc6 3. d4 cxd4 4. Nxd4 g6 5. c4 Bg7 6. Be3 e6 7. Nc3 Nge7 8. Rc1 O-O 9. Be2 a6 10. a3 Qc7
11. O-O h6 12. Qd2 Ne5 13. Bxh6 Nxc4 14. Bxc4 Qxc4 15. Bxg7 Kxg7 16. Nd5
1-0

[Event "Sicilian Accelerated Dragon Tournament"]
[Site "SchemingMind.com"]
[Date "2009.09.04"]
[Round "-"]
[White "chessleon"]
[Black "saidone"]
[Result "0-1"]
[WhiteCountry "NED"]
[BlackCountry "ITA"]
[WhiteElo "1511"]
[WhiteRD "81"]
[BlackElo "1518"]
[BlackRD "80"]
[GameID "218601"]

1. e4 c5 2. Nf3 Nc6 3. d4 cxd4 4. Nxd4 g6 5. c4 Bg7 6. Be3 e6 7. Nc3 Nge7 8. Ndb5 O-O 9. Nd6 f5 10. f3 f4
11. Bf2 Qc7 12. c5 Bxc3+ 13. bxc3 Qa5 14. Qc2 Ne5 15. Bd4 N5c6 16. Bd3 Nxd4 17. Qb2 Rb8 18. O-O Ndc6 19. Bb5 a6 20. Bxc6 Nxc6
21. Qf2 Qxc3 22. Rac1 Qd4 23. Qxd4 Nxd4 24. Rfd1 Ne2+ 25. Kf2 Nxc1 26. Rxc1 Kg7 27. Rb1 Kf6 28. Rb6 h5 29. g3 fxg3+ 30. hxg3 Ke5
31. Ke3 g5 32. Nc4+ Kf6 33. e5+ Kg6 34. Ke4 h4 35. gxh4 gxh4 36. Ne3 h3 37. Rb2 b5 38. Rh2 Bb7+ 39. Kd3 Rxf3
0-1

[Event "Sicilian Accelerated Dragon Tournament"]
[Site "SchemingMind.com"]
[Date "2009.09.09"]
[Round "-"]
[White "Schaakmaatje"]
[Black "saidone"]
[Result "1-0"]
[WhiteCountry "NED"]
[BlackCountry "ITA"]
[WhiteElo "1736"]
[WhiteRD "50"]
[BlackElo "1518"]
[BlackRD "80"]
[GameID "218602"]

1. e4 c5 2. Nf3 Nc6 3. d4 cxd4 4. Nxd4 g6 5. Nc3 Bg7 6. Be3 e6 7. Be2 Nge7 8. O-O O-O 9. Qd2 a6 10. a4 d5
11. Nxc6 bxc6 12. Bc5 Re8 13. f4 Qa5 14. b4 Qc7 15. e5 Nf5 16. g4 Nh6 17. Qd4 Bf8 18. Bb6 Qd7 19. a5 Be7 20. Bc5 Bxc5
21. Qxc5 Rb8 22. Na4 Qe7 23. Qxe7 Rxe7 24. c3 d4 25. Nb6 dxc3 26. Rac1 Bb7 27. Rxc3 Ree8 28. Rd3 Rbd8 29. Rfd1 Rxd3 30. Rxd3 Kf8
31. Kf2 Ng8 32. Rd7 Bc8 33. Rc7 Ne7 34. Nxc8 Rxc8 35. Rxc8+ Nxc8 36. Bxa6 Na7 37. Ke3 Ke7 38. Kd4 Kd7 39. Kc5 Kc7 40. g5 Kb8
41. Kb6
1-0

[Event "Sicilian Accelerated Dragon Tournament"]
[Site "SchemingMind.com"]
[Date "2009.09.04"]
[Round "-"]
[White "Black Knight"]
[Black "saidone"]
[Result "1-0"]
[WhiteCountry "USA"]
[BlackCountry "ITA"]
[WhiteElo "1455"]
[WhiteRD "68"]
[BlackElo "1518"]
[BlackRD "80"]
[GameID "218603"]

1. e4 c5 2. Nf3 Nc6 3. d4 cxd4 4. Nxd4 g6 5. Nxc6 bxc6 6. Nc3 Bg7 7. Be2 e6 8. O-O d5 9. exd5 cxd5 10. Be3 d4
11. Bxd4 Bxd4 12. Qd3 Ne7 13. Rfd1 Nc6 14. Nb5 a6 15. Nxd4 Nxd4 16. Qxd4 Qxd4 17. Rxd4 O-O 18. Rad1 Bb7 19. Rd7 Bd5 20. c4 Be4
21. f3 Bc2 22. R1d2 Ba4 23. R7d6 a5 24. b3 Be8 25. Rd8 Rxd8 26. Rxd8 Bc6 27. Rxf8+ Kxf8 28. a4 Ke7 29. Kf2 Kd6 30. Ke3 Kc5
31. Kd3 Kb4 32. Bd1 e5 33. g4 Bd7 34. Ke4
1-0

[Event "Sicilian Accelerated Dragon Tournament"]
[Site "SchemingMind.com"]
[Date "2009.09.08"]
[Round "-"]
[White "alvaro"]
[Black "saidone"]
[Result "1-0"]
[WhiteCountry "URU"]
[BlackCountry "ITA"]
[WhiteElo "1836"]
[WhiteRD "71"]
[BlackElo "1627"]
[BlackRD "118"]
[GameID "218604"]

1. e4 c5 2. Nf3 Nc6 3. d4 cxd4 4. Nxd4 g6 5. Nc3 Bg7 6. Be3 e6 7. Be2 Nge7 8. O-O O-O 9. Qd2 d5 10. Rad1 dxe4
11. Nxe4 Bxd4 12. Bxd4 Nf5 13. Bc3 Qe7 14. Bf6 Qc7 15. g4 Nfe7 16. Qh6
1-0

[Event "Sicilian Accelerated Dragon Tournament"]
[Site "SchemingMind.com"]
[Date "2009.09.05"]
[Round "-"]
[White "cnbcad"]
[Black "XTC"]
[Result "0-1"]
[WhiteCountry "USA"]
[BlackCountry "COL"]
[WhiteElo "1411"]
[WhiteRD "55"]
[BlackElo "1679"]
[BlackRD "53"]
[GameID "218710"]

1. e4 c5 2. Nf3 Nc6 3. d4 cxd4 4. Nxd4 g6 5. Nc3 Bg7 6. Nxc6 bxc6 7. Bd3 Bxc3+ 8. bxc3 Qa5 9. Bb2 Rb8 10. Qc1 d6
11. O-O Nf6 12. c4 O-O 13. a3 e5 14. Rb1 Be6 15. Qg5 Nd7 16. f4 f6 17. Qg3 Kg7 18. f5 Bf7 19. Be2 Qd2 20. Bh5 Qxc2
21. fxg6 hxg6 22. Bg4 Nc5 23. Rfc1 Qxe4 24. Bf3 Qe3+ 25. Kh1 Rh8 26. Re1 Qd3 27. Rbd1 Qxc4 28. Ba1 d5 29. Bxe5 Rbe8 30. Rd4 Qb3
31. Bxf6+ Kxf6 32. Qd6+ Kg7 33. Rf1 Qxa3 34. Bh5 Re6 35. Qc7 Rf6 36. Qe5 Nd7 37. Qe2 Rxh5 38. Rfd1 Qd6 39. g3 Qxg3 40. Rg1 Qf3+
0-1

[Event "Sicilian Accelerated Dragon Tournament"]
[Site "SchemingMind.com"]
[Date "2009.09.06"]
[Round "-"]
[White "cnbcad"]
[Black "echecs"]
[Result "0-1"]
[WhiteCountry "USA"]
[BlackCountry "ENG"]
[WhiteElo "1411"]
[WhiteRD "55"]
[BlackElo "1824"]
[BlackRD "60"]
[GameID "218711"]

1. e4 c5 2. Nf3 Nc6 3. d4 cxd4 4. Nxd4 g6 5. Nc3 Bg7 6. Nxc6 bxc6 7. Bd3 d6 8. O-O Nf6 9. f4 O-O 10. e5 dxe5
11. fxe5 Qd4+ 12. Kh1 Ng4 13. Ne4 Bxe5 14. c3 Qb6 15. Bf4 Bxf4 16. Rxf4 f5 17. Ng5 Nf2+ 18. Rxf2 Qxf2 19. Bc4+ Kg7 20. Qd3 Rf6
21. Qd8 Qxb2 22. Qg8+ Kh6 23. Nf7+ Rxf7 24. Rf1 Be6 25. Qxa8 Bxc4 26. Rg1 Qxa2 27. Qxc6 Bd5 28. Qc5 Qc4 29. Qe3+ g5
0-1

[Event "Sicilian Accelerated Dragon Tournament"]
[Site "SchemingMind.com"]
[Date "2009.09.06"]
[Round "-"]
[White "cnbcad"]
[Black "chessleon"]
[Result "1-0"]
[WhiteCountry "USA"]
[BlackCountry "NED"]
[WhiteElo "1411"]
[WhiteRD "55"]
[BlackElo "1466"]
[BlackRD "80"]
[GameID "218712"]

1. e4 c5 2. Nf3 Nc6 3. d4 cxd4 4. Nxd4 g6 5. Nc3 Bg7 6. Nxc6 bxc6 7. Bd3 d6 8. O-O Qc7 9. Qe1 Nf6 10. f4 e5
11. f5 O-O 12. Qh4 Qb6+ 13. Kh1 Nh5 14. Be2 Nf6 15. Rf3 h6 16. Rg3 g5 17. Qh3 Qf2 18. Be3 g4 19. Qh4 Qxg3 20. hxg3 h5
21. Bg5 Nh7 22. f6 Bh8 23. Kg1 Be6 24. Kf2 d5 25. Rh1 Bxf6 26. Bxf6
1-0

[Event "Sicilian Accelerated Dragon Tournament"]
[Site "SchemingMind.com"]
[Date "2009.09.08"]
[Round "-"]
[White "cnbcad"]
[Black "Schaakmaatje"]
[Result "0-1"]
[WhiteCountry "USA"]
[BlackCountry "NED"]
[WhiteElo "1411"]
[WhiteRD "55"]
[BlackElo "1725"]
[BlackRD "50"]
[GameID "218713"]

1. e4 c5 2. Nf3 Nc6 3. d4 cxd4 4. Nxd4 g6 5. Nc3 d6 6. Nxc6 bxc6 7. Be2 Bg7 8. O-O Nf6 9. Bd3 O-O 10. Qe1 e5
11. Bg5 Be6 12. f4 Qb6+ 13. Kh1 exf4 14. Rxf4 Nh5 15. Rh4 Qxb2 16. Bd2 Rab8 17. Rb1 Qa3 18. Rd1 Nf6 19. Bh6 Bxh6 20. Rxh6 Ng4
21. Rh4 Qc5 22. Qg3 Nf2+
0-1

[Event "Sicilian Accelerated Dragon Tournament"]
[Site "SchemingMind.com"]
[Date "2009.09.05"]
[Round "-"]
[White "cnbcad"]
[Black "Black Knight"]
[Result "1-0"]
[WhiteCountry "USA"]
[BlackCountry "USA"]
[WhiteElo "1432"]
[WhiteRD "59"]
[BlackElo "1455"]
[BlackRD "68"]
[GameID "218714"]

1. e4 c5 2. Nf3 Nc6 3. d4 cxd4 4. Nxd4 g6 5. Nc3 Bg7 6. Nxc6 bxc6 7. Bd3 e5 8. O-O Bb7 9. Qf3 Nf6 10. Bg5 h6
11. Bxf6 Qxf6 12. Qg4 h5 13. Qd1 O-O 14. Bc4 d5 15. exd5 cxd5 16. Nxd5 Bxd5 17. Bxd5 Rad8 18. c4 e4 19. Qa4 a6 20. Rae1 Rfe8
21. Rxe4 Rxe4 22. Bxe4 Qe5 23. c5 Rd4 24. Qxa6 Rxe4 25. c6 Qc7 26. g3 Rc4 27. Qxc4 Bxb2 28. Rb1 Bg7 29. Rb7 Qc8 30. Qxf7+
1-0

[Event "Sicilian Accelerated Dragon Tournament"]
[Site "SchemingMind.com"]
[Date "2009.09.05"]
[Round "-"]
[White "cnbcad"]
[Black "alvaro"]
[Result "0-1"]
[WhiteCountry "USA"]
[BlackCountry "URU"]
[WhiteElo "1411"]
[WhiteRD "55"]
[BlackElo "1865"]
[BlackRD "74"]
[GameID "218715"]

1. e4 c5 2. Nf3 Nc6 3. d4 cxd4 4. Nxd4 g6 5. Nc3 Bg7 6. Nxc6 bxc6 7. Bd3 e5 8. O-O Nf6 9. f4 exf4 10. Bxf4 Qb6+
11. Kh1 Qxb2 12. Be5 Nh5 13. Bxg7 Nxg7 14. Qd2 O-O 15. e5 Qa3 16. Rab1 Ba6 17. Rb3 Qa5 18. Re1 Bxd3 19. Qxd3 Rfe8 20. Qxd7 Rxe5
21. Rf1 Rf5 22. Rd1 Rf2 23. Ne4 Re2 24. Nf6+ Kh8 25. Rg1 Qd8 26. Rh3 Qxf6 27. Rf3 Qe6 28. Qd4 Re8 29. Rh3 h5 30. Rf3 Kg8
31. Rf6 Qd5 32. Qxd5 cxd5 33. Rgf1 Rxc2 34. Rxf7 Rxa2 35. Rd7 Nf5 36. h3 Ng3+ 37. Kg1 Nxf1 38. Kxf1 Rb8 39. Kg1 a5
0-1

[Event "Sicilian Accelerated Dragon Tournament"]
[Site "SchemingMind.com"]
[Date "2009.09.10"]
[Round "-"]
[White "cnbcad"]
[Black "saidone"]
[Result "1-0"]
[WhiteCountry "USA"]
[BlackCountry "ITA"]
[WhiteElo "1432"]
[WhiteRD "59"]
[BlackElo "1518"]
[BlackRD "80"]
[GameID "218716"]

1. e4 c5 2. Nf3 Nc6 3. d4 cxd4 4. Nxd4 g6 5. Nc3 Bg7 6. Be3 e6 7. Be2 Nge7 8. O-O d5 9. Nf3 O-O 10. exd5 Nxd5
11. Nxd5 Qxd5 12. c3 Qd8 13. Qe1 b6 14. Nd2 Bb7 15. f3 Ne5 16. Bd4 Qe7 17. f4 Nd7 18. Bxg7 Kxg7 19. Bf3 Qc5+ 20. Kh1 Bxf3
21. Nxf3 Rfe8 22. Qh4 h6 23. Rad1 Nf6 24. Ne5 Nd5 25. Ng4 h5 26. Rxd5 exd5 27. Qf6+ Kf8 28. Qh8+ Ke7 29. Re1+
1-0

[Event "Sicilian Accelerated Dragon Tournament"]
[Site "SchemingMind.com"]
[Date "2009.09.09"]
[Round "-"]
[White "XTC"]
[Black "cnbcad"]
[Result "1-0"]
[WhiteCountry "COL"]
[BlackCountry "USA"]
[WhiteElo "1679"]
[WhiteRD "53"]
[BlackElo "1411"]
[BlackRD "55"]
[GameID "218717"]

1. e4 c5 2. Nf3 Nc6 3. d4 cxd4 4. Nxd4 g6 5. c4 Qa5+ 6. Bd2 Qe5 7. Bc3 Bg7 8. Nf3 Qxe4+ 9. Be2 Nf6 10. O-O O-O
11. Nbd2 Qf4 12. b4 a6 13. b5 axb5 14. cxb5 Nd8 15. g3 Qc7 16. Bxf6 Bxf6 17. Rc1 Qa5 18. Rc2 d6 19. Ne4 Bh3 20. Nxf6+ exf6
21. Re1 Qb6 22. Qd2 Ne6 23. Bf1 Bxf1 24. Rxf1 Qxb5 25. Rb2 Qc6 26. Nd4 Qd5 27. Nxe6 Qxe6 28. Re1 Qd7 29. Reb1 Kg7 30. Rxb7 Qe6
31. R1b2 h5 32. h4 Ra4 33. R7b4 Ra3 34. R4b3 Raa8 35. Rd3 Ra4 36. Rxd6 Qh3 37. Qc3
1-0

[Event "Sicilian Accelerated Dragon Tournament"]
[Site "SchemingMind.com"]
[Date "2009.09.09"]
[Round "-"]
[White "chessleon"]
[Black "cnbcad"]
[Result "1-0"]
[WhiteCountry "NED"]
[BlackCountry "USA"]
[WhiteElo "1466"]
[WhiteRD "80"]
[BlackElo "1411"]
[BlackRD "55"]
[GameID "218719"]

1. e4 c5 2. Nf3 Nc6 3. d4 cxd4 4. Nxd4 g6 5. Be3 Bg7 6. c4 Qa5+ 7. Nc3 Qb4 8. Nb5 Be5 9. f4 a6 10. fxe5 axb5
11. cxb5 Nxe5 12. Bd4 d6 13. Qd2 Nf6 14. a3 Nc4 15. axb4 Rxa1+ 16. Ke2 Nxd2 17. Kxd2 e5 18. Be3 O-O 19. g3 Bh3 20. Bxh3 Rxh1
21. Ne2 Nxe4+ 22. Kd3 f5 23. Bg2 Rb1 24. Bxe4 fxe4+ 25. Kxe4
1-0

[Event "Sicilian Accelerated Dragon Tournament"]
[Site "SchemingMind.com"]
[Date "2009.09.09"]
[Round "-"]
[White "Schaakmaatje"]
[Black "cnbcad"]
[Result "1-0"]
[WhiteCountry "NED"]
[BlackCountry "USA"]
[WhiteElo "1725"]
[WhiteRD "50"]
[BlackElo "1411"]
[BlackRD "55"]
[GameID "218720"]

1. e4 c5 2. Nf3 Nc6 3. d4 cxd4 4. Nxd4 g6 5. Nc3 Bg7 6. Be3 Nf6 7. f3 Qa5 8. Be2 Qb4 9. Nb3 Nh5 10. O-O O-O
11. Bc5 Bd4+ 12. Bxd4 Nxd4 13. Qxd4 Qxd4+ 14. Nxd4 e5 15. Ndb5 b6 16. Nd6 Nf4 17. Bc4 Ne6 18. Nd5 a5 19. Nxb6 Ba6 20. Nxa8 Bxc4
21. Nxc4 Rxa8 22. Nxe5 d6 23. Nc4 Nd4 24. c3 Nb5 25. a4
1-0

[Event "Sicilian Accelerated Dragon Tournament"]
[Site "SchemingMind.com"]
[Date "2009.09.09"]
[Round "-"]
[White "Black Knight"]
[Black "cnbcad"]
[Result "1-0"]
[WhiteCountry "USA"]
[BlackCountry "USA"]
[WhiteElo "1406"]
[WhiteRD "70"]
[BlackElo "1411"]
[BlackRD "55"]
[GameID "218721"]

1. e4 c5 2. Nf3 Nc6 3. d4 cxd4 4. Nxd4 g6 5. Be2 Bg7 6. Be3 d6 7. Nxc6 bxc6 8. O-O Nf6 9. Nc3 O-O 10. Qd2 Bg4
11. Bxg4 Nxg4 12. h3
1-0

[Event "Sicilian Accelerated Dragon Tournament"]
[Site "SchemingMind.com"]
[Date "2009.09.09"]
[Round "-"]
[White "alvaro"]
[Black "cnbcad"]
[Result "1-0"]
[WhiteCountry "URU"]
[BlackCountry "USA"]
[WhiteElo "1843"]
[WhiteRD "76"]
[BlackElo "1432"]
[BlackRD "59"]
[GameID "218722"]

1. e4 c5 2. Nf3 Nc6 3. d4 cxd4 4. Nxd4 g6 5. Nc3 Bg7 6. Be3 d6 7. Be2 Qa5 8. O-O e5 9. Ndb5 Nd4 10. Nxd6+ Ke7
11. Nc4 Qc5 12. Kh1 Be6 13. b3 Rd8 14. Bd3 Nf6 15. Na4 Qc7 16. Nd2 b5 17. Nc3 a6 18. Ne2 h5 19. Nxd4 exd4 20. Bg5 Kf8
21. f4 Re8 22. Bxf6 Bxf6 23. e5 Bh4 24. Nf3 Bg4 25. Qd2 Bd8 26. Nxd4 Qb7 27. Qc3 Bh3 28. Rf3 Bg4 29. Re3 Bb6 30. Rae1 h4
31. e6 h3 32. e7+ Rxe7 33. Ne6+ fxe6 34. Qxh8+ Kf7 35. Be4 hxg2+ 36. Kxg2 Qd7 37. Qh7+ Kf8 38. Qh6+ Rg7 39. Rd3 Qc7 40. Qg5 Qxc2+
41. Kh1 Bf3+ 42. Rxf3 Qd2 43. Rff1 Rh7 44. Qg2 Qd8 45. Qxg6 Rg7 46. Qxe6 Bc7 47. Bg6 Qa8+ 48. Qe4 Qxe4+ 49. Bxe4 Rf7 50. Bc6 Bxf4
51. h4
1-0

[Event "Sicilian Accelerated Dragon Tournament"]
[Site "SchemingMind.com"]
[Date "2009.09.10"]
[Round "-"]
[White "saidone"]
[Black "cnbcad"]
[Result "0-1"]
[WhiteCountry "ITA"]
[BlackCountry "USA"]
[WhiteElo "1409"]
[WhiteRD "72"]
[BlackElo "1487"]
[BlackRD "62"]
[GameID "218723"]

1. e4 c5 2. Nf3 Nc6 3. d4 cxd4 4. Nxd4 g6 5. Nc3 Bg7 6. Be3 Nf6 7. Be2 Qa5 8. Nb3 Qe5 9. f4 Qc7 10. e5 Ng8
11. O-O e6 12. Bc5 Nge7 13. Nb5 Qd8 14. Nd6+ Kf8 15. Qd3 b6 16. Bf2 Nf5 17. Nxf5 exf5 18. Nd4 Bb7 19. Rfd1 Nxd4 20. Bxd4 Be4
21. Qc3 Rc8 22. Qb4+ Kg8 23. c3 Bf8 24. Qb3 Bc5 25. Bxc5 bxc5 26. Bc4 Rb8 27. Qa3 Kg7 28. Qxa7 Rb7 29. Qxc5 Re8 30. b3 Qh4
31. g3 Qh3 32. Bf1 Qg4 33. Qd6 Qf3
0-1

[Event "Sicilian Accelerated Dragon Tournament"]
[Site "SchemingMind.com"]
[Date "2009.09.14"]
[Round "-"]
[White "jtrochez1"]
[Black "cnbcad"]
[Result "1-0"]
[WhiteCountry "HON"]
[BlackCountry "USA"]
[WhiteElo "1610"]
[WhiteRD "50"]
[BlackElo "1411"]
[BlackRD "55"]
[GameID "219658"]

1. e4 c5 2. Nf3 Nc6 3. d4 cxd4 4. Nxd4 g6 5. Nxc6 bxc6 6. Bd2 Bg7 7. Bc3 Nf6 8. Bd3 Qb6 9. h3 O-O 10. Nd2 a5
11. O-O d5 12. Kh1 dxe4 13. Nxe4 Nxe4 14. Bxe4 Bxc3 15. bxc3 Qc7 16. Qf3 Bb7 17. Qg3 Qb6 18. Rab1 Qa7 19. Qe3 Qxe3 20. fxe3 Rab8
21. Bd3 f5 22. Kh2 e5 23. a4 e4 24. Bc4+ Kg7 25. Be2 Rf7 26. c4 Rd8 27. Rfd1 Rxd1 28. Bxd1
1-0

[Event "Sicilian Accelerated Dragon Tournament"]
[Site "SchemingMind.com"]
[Date "2009.09.14"]
[Round "-"]
[White "jtrochez1"]
[Black "XTC"]
[Result "0-1"]
[WhiteCountry "HON"]
[BlackCountry "COL"]
[WhiteElo "1610"]
[WhiteRD "50"]
[BlackElo "1679"]
[BlackRD "53"]
[GameID "219659"]

1. e4 c5 2. Nf3 Nc6 3. d4 cxd4 4. Nxd4 g6 5. Nxc6 bxc6 6. Bd2 Bg7 7. c3 Rb8 8. Bc1 d6 9. Nd2 Nf6 10. Be2 O-O
11. O-O Bb7 12. Bf3 e5 13. Re1 Re8 14. Qc2 d5 15. Rb1 c5 16. b3 d4 17. cxd4 cxd4 18. Bb2 Rc8 19. Qd3 Qd6 20. Nc4 Qe6
21. h3 Ba6 22. Rbc1 Bh6 23. Rc2 Nd7 24. Bg4 Qe7 25. Bc1 Bxc1 26. Rexc1 Rc5 27. Bxd7 Qxd7 28. b4 Rcc8 29. Qb3 Bxc4 30. Rxc4 Rxc4
31. Qxc4 Kg7 32. Qd3 Rc8 33. Rc5 f6 34. a3 Rxc5 35. bxc5 Kf7 36. Kf1 Ke7 37. Ke2 Qc6 38. Qc2 Qb5+ 39. Ke1 Kd7 40. a4 Qb4+
41. Kd1 Kc6 42. f3 a5 43. g4 Qxc5 44. Qxc5+ Kxc5 45. h4 Kb4 46. Kd2 Kxa4 47. Kc2 Kb4
0-1